[Event "SRB-chT3 East"]
[Site "Serbia"]
[Date "2017.10.14"]
[Round "10.3"]
[White "Desic, Zoran"]
[Black "Vlajic, Sasa"]
[Result "0-1"]
[WhiteElo "2001"]
[BlackElo "2147"]
[PlyCount "78"]
[EventDate "2017.09.03"]
[EventType "team-tourn"]
[EventRounds "11"]
[EventCountry "SRB"]
[SourceTitle "EXT 2022"]
[Source "ChessBase"]
[SourceDate "2021.10.06"]
[SourceVersion "1"]
[SourceVersionDate "2021.10.06"]
[SourceQuality "1"]

1. e4 d5 2. Nc3 Nf6 3. exd5 Nxd5 4. Bc4 c6 5. Qf3 Nf6 6. h3 Nbd7 7. d4 Nb6 8. Bb3 Qxd4 9. Nge2 Qd6 10. Bd2 e5 11. 0-0-0 Qc7 12. Ne4 Be7 13. Bg5 Nbd5 14. N2c3 Nxe4 15. Nxe4 Be6 16. Bxe7 Qxe7 17. c4 Nf4 18. Nd6+ Kf8 19. Kb1 a5 20. a4 g5 21. g3 Ng6 22. Bc2 Rd8 23. c5 Kg7 24. Bf5 Qf6 25. g4 Nh4 26. Qd3 Nxf5 27. gxf5 Bd5 28. Rhg1 b6 29. Qe3 h6 30. h4 bxc5 31. Nb7 Qxf5+ 32. Ka1 Rb8 33. hxg5 Rxb7 34. gxh6+ Kf6 35. Qxc5 Rb4 36. Qxa5 Qe4 37. b3 Rxb3 38. f4 Ra3+ 39. Kb2 Ra2+ 0-1

[Event "SRB-chT3 East CS"]
[Site "Kladovo"]
[Date "2016.10.15"]
[Round "9.12"]
[White "Arsic, Novica"]
[Black "Vlajic, Sasa"]
[Result "1/2-1/2"]
[WhiteElo "2029"]
[BlackElo "2141"]
[PlyCount "71"]
[EventDate "2016.09.04"]
[EventType "team-tourn"]
[EventRounds "11"]
[EventCountry "SRB"]
[SourceTitle "EXT 2021"]
[Source "ChessBase"]
[SourceDate "2020.10.23"]
[SourceVersion "1"]
[SourceVersionDate "2020.10.23"]
[SourceQuality "1"]

1. e4 d5 2. exd5 Nf6 3. d4 Nxd5 4. c4 Nb6 5. Nf3 g6 6. Nc3 Bg7 7. h3 0-0 8. Be2 Nc6 9. Be3 e5 10. dxe5 Nxe5 11. Nxe5 Bxe5 12. Qxd8 Rxd8 13. Rc1 Be6 14. b3 f5 15. f4 Bf6 16. Kf2 c6 17. Rhd1 Rxd1 18. Bxd1 Rd8 19. Be2 Bd4 20. Nb1 Bxe3+ 21. Kxe3 Nd7 22. Rd1 Re8 23. Kf2 Nc5 24. Nc3 a5 25. Kf3 h5 26. g3 Kf7 27. Kf2 Kf6 28. h4 Ke7 29. Bf1 Rb8 30. Kf3 Rd8 31. Rxd8 Kxd8 32. Ke3 Kc7 33. Kd4 Kd6 34. Be2 b6 35. Ke3 Bd7 36. Bf1 1/2-1/2

[Event "SRB-chT2 East"]
[Site "Leskovac"]
[Date "2014.09.27"]
[Round "4.4"]
[White "Bura, Goran"]
[Black "Vlajic, Sasa"]
[Result "1-0"]
[WhiteElo "2202"]
[BlackElo "2133"]
[PlyCount "67"]
[EventDate "2014.09.25"]
[EventType "team-swiss"]
[EventRounds "6"]
[EventCountry "SRB"]
[SourceTitle "EXT 2015"]
[Source "ChessBase"]
[SourceDate "2014.11.20"]
[SourceVersion "1"]
[SourceVersionDate "2014.11.20"]
[SourceQuality "1"]

1. c4 Nf6 2. Nc3 c5 3. g3 g6 4. Bg2 Bg7 5. a3 Nc6 6. Rb1 0-0 7. b4 cxb4 8. axb4 d6 9. d3 a5 10. b5 Nb4 11. Nf3 Be6 12. Ng5 Ng4 13. Na4 Bc8 14. 0-0 Rb8 15. Bd2 h6 16. Nf3 d5 17. c5 Bd7 18. h3 Nf6 19. Nb6 Bxb5 20. Bf4 Nd7 21. Nxd7 Qxd7 22. Bxb8 Rxb8 23. d4 Bc4 24. Qd2 f6 25. Rfc1 Qb5 26. Nh4 Qe8 27. e4 Rd8 28. Ra1 Nc6 29. Qb2 e6 30. exd5 Bxd5 31. Bxd5 Rxd5 32. Qxb7 Nxd4 33. Ra2 g5 34. c6 1-0

[Event "SRB-chT2 East"]
[Site "Zajecar"]
[Date "2013.10.13"]
[Round "6.62"]
[White "Vlajic, Sasa"]
[Black "Madic, Zivko"]
[Result "1-0"]
[WhiteElo "2160"]
[BlackElo "2087"]
[PlyCount "91"]
[EventDate "2013.10.10"]
[EventType "team-swiss"]
[EventRounds "8"]
[EventCountry "SRB"]
[SourceTitle "EXT 2015"]
[Source "ChessBase"]
[SourceDate "2014.11.20"]
[SourceVersion "1"]
[SourceVersionDate "2014.11.20"]
[SourceQuality "1"]

1. Nf3 Nf6 2. g3 g6 3. b3 Bg7 4. Bb2 0-0 5. Bg2 c5 6. 0-0 Nc6 7. d3 d5 8. Nbd2 Qc7 9. e3 e5 10. e4 d4 11. a4 Bd7 12. Nc4 b6 13. Bc1 a6 14. a5 b5 15. Nb6 Rad8 16. Bd2 Be6 17. Ng5 Bg4 18. f3 Bc8 19. f4 Bb7 20. f5 Nb8 21. fxg6 hxg6 22. Qe2 Nbd7 23. Nxd7 Qxd7 24. Bh3 Qe7 25. Rf2 Bc8 26. Raf1 Bxh3 27. Nxh3 Nh7 28. Qg4 Qd7 29. Qh4 f6 30. g4 g5 31. Qg3 Qe6 32. Kg2 c4 33. bxc4 bxc4 34. Ng1 c3 35. Bc1 Rf7 36. h4 gxh4 37. Qxh4 Bf8 38. Rf5 Rdd7 39. Nf3 Qa2 40. Qf2 Rg7 41. Kg3 Rdf7 42. Rh1 Ng5 43. Bxg5 fxg5 44. Nxg5 Rxg5 45. Rxf7 Bg7 46. Re7 1-0

[Event "SRB-chT2 East"]
[Site "Zajecar"]
[Date "2013.10.12"]
[Round "4"]
[White "Mincic, Srbislav"]
[Black "Vlajic, Sasa"]
[Result "1-0"]
[WhiteElo "2244"]
[BlackElo "2160"]
[PlyCount "61"]
[EventDate "2013.10.10"]
[EventType "team-swiss"]
[EventRounds "8"]
[EventCountry "SRB"]
[SourceTitle "EXT 2014"]
[Source "ChessBase"]
[SourceDate "2013.11.20"]
[SourceVersion "1"]
[SourceVersionDate "2013.11.20"]
[SourceQuality "1"]

1. e4 d5 2. d3 dxe4 3. dxe4 Qxd1+ 4. Kxd1 e5 5. Be3 Nf6 6. f3 Be6 7. Nd2 Nfd7 8. c3 a5 9. Kc2 Be7 10. g3 c6 11. Bh3 Bxh3 12. Nxh3 Na6 13. Rad1 b5 14. Nb3 Nac5 15. Nxc5 Nxc5 16. Nf2 Nd7 17. Rd2 0-0-0 18. Nd3 Kc7 19. Ra1 c5 20. a4 c4 21. Nf2 b4 22. cxb4 axb4 23. Rd5 Kc6 24. Rad1 f6 25. b3 c3 26. Nd3 Rb8 27. Nxb4+ Bxb4 28. Rxd7 Rhg8 29. R1d5 h5 30. Bf2 g6 31. Be1 1-0

[Event "SRB-CupT Central"]
[Site "Serbia"]
[Date "2013.04.26"]
[Round "5.4"]
[White "Markovic, Slavoljub"]
[Black "Vlajic, Sasa"]
[Result "1-0"]
[WhiteElo "2239"]
[BlackElo "2170"]
[PlyCount "71"]
[EventDate "2013.03.24"]
[EventType "team-tourn"]
[EventRounds "8"]
[EventCountry "SRB"]
[SourceTitle "EXT 2018"]
[Source "ChessBase"]
[SourceDate "2017.10.13"]
[SourceVersion "1"]
[SourceVersionDate "2017.10.13"]
[SourceQuality "1"]

1. e4 d5 2. exd5 Nf6 3. Nf3 Nxd5 4. d4 g6 5. Be2 Bg7 6. c4 Nb6 7. Nc3 0-0 8. Be3 Bg4 9. Qb3 Nc6 10. c5 Be6 11. Qd1 Nd5 12. Ng5 Nxe3 13. fxe3 Bc8 14. h4 h6 15. Nf3 Bg4 16. Qa4 e6 17. 0-0 Qc8 18. Ne4 Ne7 19. Nf2 Bxf3 20. Bxf3 c6 21. h5 g5 22. Ne4 Qc7 23. Kh1 b6 24. Rac1 e5 25. Nd6 f5 26. Qc4+ Kh7 27. g4 e4 28. Bg2 bxc5 29. Qxc5 Rf6 30. Nxf5 Nxf5 31. Bxe4 Rb8 32. Bxf5+ Kh8 33. Rc3 Qg3 34. b3 Re8 35. e4 Qc7 36. Re1 1-0

[Event "SRB-chT2 East CS"]
[Site "Serbia"]
[Date "2012.09.15"]
[Round "2.33"]
[White "Vlajic, Sasa"]
[Black "Popovic, Djordje D"]
[Result "1/2-1/2"]
[WhiteElo "2170"]
[BlackElo "2221"]
[PlyCount "31"]
[EventDate "2012.09.14"]
[EventType "team"]
[EventRounds "9"]
[EventCountry "SRB"]
[SourceTitle "EXT 2015"]
[Source "ChessBase"]
[SourceDate "2014.11.20"]
[SourceVersion "1"]
[SourceVersionDate "2014.11.20"]
[SourceQuality "1"]

1. Nf3 c5 2. g3 b6 3. Bg2 Bb7 4. c4 Nf6 5. 0-0 e6 6. Nc3 Be7 7. d4 cxd4 8. Qxd4 d6 9. b3 Nbd7 10. Bb2 a6 11. Rfd1 Qc7 12. Rac1 0-0 13. Ba3 Nc5 14. b4 Nfe4 15. Nxe4 Bxe4 16. Bb2 1/2-1/2

[Event "SRB-chT2 East CS"]
[Site "Serbia"]
[Date "2011.10.14"]
[Round "8.43"]
[White "Vlajic, Sasa"]
[Black "Manic, Jovica"]
[Result "1/2-1/2"]
[WhiteElo "2182"]
[BlackElo "2238"]
[PlyCount "46"]
[EventDate "2011.09.11"]
[EventType "team"]
[EventRounds "11"]
[EventCountry "SRB"]
[SourceTitle "EXT 2015"]
[Source "ChessBase"]
[SourceDate "2014.11.20"]
[SourceVersion "1"]
[SourceVersionDate "2014.11.20"]
[SourceQuality "1"]

1. Nf3 Nf6 2. g3 b5 3. Bg2 Bb7 4. 0-0 e6 5. b3 c5 6. Bb2 Qb6 7. d3 Be7 8. Nbd2 d5 9. e3 0-0 10. Ne5 Nfd7 11. Nxd7 Nxd7 12. Qe2 f5 13. f4 Rac8 14. c4 Bf6 15. Bxf6 Nxf6 16. h3 a6 17. g4 dxc4 18. dxc4 Rcd8 19. g5 Ne4 20. Nxe4 fxe4 21. Rad1 b4 22. Rxd8 Qxd8 23. Rd1 a5 1/2-1/2

[Event "SRB-chT2 East CS"]
[Site "Serbia"]
[Date "2011.10.02"]
[Round "4.13"]
[White "Rajkovic, Aleksandar"]
[Black "Vlajic, Sasa"]
[Result "0-1"]
[WhiteElo "2132"]
[BlackElo "2182"]
[PlyCount "78"]
[EventDate "2011.09.11"]
[EventType "team"]
[EventRounds "11"]
[EventCountry "SRB"]
[SourceTitle "EXT 2015"]
[Source "ChessBase"]
[SourceDate "2014.11.20"]
[SourceVersion "1"]
[SourceVersionDate "2014.11.20"]
[SourceQuality "1"]

1. Nf3 Nf6 2. c4 g6 3. Nc3 c5 4. g3 b6 5. Bg2 Bb7 6. 0-0 Bg7 7. e3 0-0 8. d4 d6 9. Qe2 Ne4 10. Nxe4 Bxe4 11. Bd2 Nd7 12. Bc3 Nf6 13. Rfd1 Qc7 14. b3 Rab8 15. Rac1 Qb7 16. Ne1 Bxg2 17. Nxg2 h5 18. Nf4 Ne4 19. Bb2 cxd4 20. exd4 e6 21. d5 Bxb2 22. Qxb2 e5 23. Nd3 Qd7 24. Qe2 f5 25. Nb4 Rbe8 26. Nc6 Ng5 27. Qf1 f4 28. Qg2 fxg3 29. fxg3 Nh3+ 30. Kh1 Nf2+ 31. Kg1 Nxd1 32. Rxd1 Rf7 33. Qe4 Kg7 34. a4 Ref8 35. b4 Rf2 36. Nxe5 dxe5 37. Qxe5+ Kh7 38. Qe3 Qf5 39. Qd3 Qh3 0-1

[Event "SRB-chT2 East CS"]
[Site "Serbia"]
[Date "2011.09.25"]
[Round "3.3"]
[White "Kalcic, Krsta"]
[Black "Vlajic, Sasa"]
[Result "1/2-1/2"]
[WhiteElo "2238"]
[BlackElo "2182"]
[PlyCount "24"]
[EventDate "2011.09.11"]
[EventType "team"]
[EventRounds "11"]
[EventCountry "SRB"]
[SourceTitle "EXT 2015"]
[Source "ChessBase"]
[SourceDate "2014.11.20"]
[SourceVersion "1"]
[SourceVersionDate "2014.11.20"]
[SourceQuality "1"]

1. e4 e5 2. Nf3 Nc6 3. d4 exd4 4. Nxd4 g6 5. c4 Bg7 6. Be3 d6 7. Nc3 Nf6 8. Be2 0-0 9. 0-0 Bd7 10. Qd2 Rc8 11. f4 Ng4 12. Bxg4 Bxg4 1/2-1/2

[Event "SRB-chT2 East"]
[Site "Pozarevac"]
[Date "2009.09.27"]
[Round "4.5"]
[White "Vlajic, Sasa"]
[Black "Nedeljkovic, Gojko"]
[Result "1-0"]
[WhiteElo "2176"]
[BlackElo "2197"]
[PlyCount "65"]
[EventDate "2009.09.06"]
[EventType "team"]
[EventRounds "11"]
[EventCountry "SRB"]
[SourceTitle "EXT 2012"]
[Source "ChessBase"]
[SourceDate "2011.11.24"]
[SourceVersion "1"]
[SourceVersionDate "2011.11.24"]
[SourceQuality "1"]

1. Nf3 Nf6 2. g3 g6 3. Bg2 Bg7 4. 0-0 0-0 5. c4 d6 6. Nc3 Nc6 7. d3 e5 8. Rb1 Nd4 9. Ne1 a5 10. a3 h5 11. Bg5 Ne6 12. Bxf6 Bxf6 13. b4 axb4 14. axb4 h4 15. Nd5 Bg7 16. e4 hxg3 17. hxg3 c6 18. Ne3 Nd4 19. N1c2 Qg5 20. Nxd4 exd4 21. Nc2 Bg4 22. Bf3 Bxf3 23. Qxf3 Ra2 24. Qe2 Re8 25. Kg2 d5 26. cxd5 cxd5 27. f4 Qh5 28. g4 Rxc2 29. Qxc2 Qxg4+ 30. Kh1 dxe4 31. dxe4 Bf6 32. e5 Bxe5 33. fxe5 1-0

[Event "SRB-chT3 East"]
[Site "Serbia"]
[Date "2006.10.15"]
[Round "6.2"]
[White "Vlajic, Sasa"]
[Black "Zlatanovic, Boroljub"]
[Result "1/2-1/2"]
[WhiteElo "2170"]
[BlackElo "2331"]
[PlyCount "88"]
[EventDate "2006.09.10"]
[EventType "team"]
[EventRounds "11"]
[EventCountry "SRB"]
[SourceTitle "EXT 2012"]
[Source "ChessBase"]
[SourceDate "2011.11.24"]
[SourceVersion "1"]
[SourceVersionDate "2011.11.24"]
[SourceQuality "1"]

1. Nf3 Nf6 2. g3 g6 3. Bg2 Bg7 4. 0-0 0-0 5. c4 c5 6. d4 d6 7. Nc3 Nc6 8. h3 cxd4 9. Nxd4 Nxd4 10. Qxd4 Be6 11. Qd3 Qc8 12. Qf3 Rb8 13. Nd5 Nxd5 14. cxd5 Bxh3 15. Bg5 Bxg2 16. Kxg2 Qd7 17. Qe3 f6 18. Bh6 Bxh6 19. Qxh6 g5 20. e4 Qa4 21. Rae1 Qd4 22. Rh1 Rf7 23. Re2 Qc4 24. Qh5 Rbf8 25. b3 Qc8 26. Qf3 e5 27. dxe6 Qxe6 28. Rd1 Re8 29. Qd3 f5 30. Qxd6 fxe4 31. Qxe6 Rxe6 32. Rd4 Rfe7 33. Rd5 Re5 34. Rxe5 Rxe5 35. Rc2 Kf7 36. Kf1 e3 37. Re2 Ke6 38. fxe3 Kf5 39. Kf2 Rc5 40. Rd2 h5 41. Kf3 Ke6 42. Rh2 Rf5+ 43. Ke4 Re5+ 44. Kd4 g4 1/2-1/2